000 00619nam a2200265Ia 4500
001 Z_5659
003 CHAP
008 220113s1974 xx 000 0 und d
010 _a168761
020 _a84-7003-195-3
040 _cCHAP
082 _a631.842 J8
100 _aJuscafresa, Baudilio
_9143019
245 _aForrajes : fertilizantes y valor nutritivo /
_cBaudilio Juscafresa
260 _aBarcelona :
_bAedos,
_c1974
300 _a203 p.
503 _adonación
650 _aForrajes
_942552
901 _a631.842 J8
902 _aA
910 _a1974
942 _c1
942 _cc1
999 _c168761
_d168761